[Event "Gibbons Section ABCD"]
[Site "Winnipeg CAN"]
[Date "2007.10.13"]
[Round "2"]
[White "Swift, Ryne"]
[Black "Letain, Cory"]
[Result "1/2-1/2"]
[WhiteElo "1196"]
[BlackElo "1339"]
[PlyCount "70"]
[GameId "2160767910578859"]
[EventDate "2007.10.12"]
[EventType "swiss"]
[EventRounds "5"]
[EventCountry "CAN"]
[SourceTitle "EXT 2022"]
[Source "ChessBase"]
[SourceDate "2021.10.06"]
[SourceVersion "1"]
[SourceVersionDate "2021.10.06"]
[SourceQuality "1"]

1. e4 e5 2. Nf3 Nf6 3. d3 Nc6 4. Nc3 Bb4 5. Bd2 O-O 6. a3 Bxc3 7. Bxc3 Qe7 8. Be2 d5 9. exd5 Nxd5 10. Bd2 Nf4 11. Bxf4 exf4 12. O-O Bg4 13. Re1 Rfe8 14. Qd2 Qf6 15. Rab1 Re7 16. Kf1 Rae8 17. h3 Bxf3 18. Bxf3 g5 19. Rxe7 Rxe7 20. Qc3 Kg7 21. Qxf6+ Kxf6 22. Bxc6 bxc6 23. Re1 Re6 24. Rxe6+ fxe6 25. Ke2 h5 26. Kf3 Ke5 27. c3 Kd5 28. b3 e5 29. g3 e4+ 30. Ke2 g4 31. hxg4 hxg4 32. Kd2 f3 33. Ke3 exd3 34. Kxd3 c5 35. Ke3 c4 1/2-1/2

[Event "Gibbons Section ABCD"]
[Site "Winnipeg CAN"]
[Date "2007.10.13"]
[Round "3"]
[White "Cleto, Sam"]
[Black "Melamedoff, Gustavo"]
[Result "0-1"]
[WhiteElo "1859"]
[BlackElo "2048"]
[PlyCount "107"]
[GameId "2160767910578860"]
[EventDate "2007.10.12"]
[EventType "swiss"]
[EventRounds "5"]
[EventCountry "CAN"]
[SourceTitle "EXT 2022"]
[Source "ChessBase"]
[SourceDate "2021.10.06"]
[SourceVersion "1"]
[SourceVersionDate "2021.10.06"]
[SourceQuality "1"]

1. c4 Nf6 2. Nf3 g6 3. Nc3 d5 4. d4 Bg7 5. Bf4 c5 6. e3 O-O 7. h3 Qa5 8. Bd3 Nc6 9. O-O cxd4 10. exd4 dxc4 11. Bxc4 a6 12. d5 Qc5 13. Bb3 Na5 14. Rc1 Nxb3 15. Qxb3 Qa5 16. Rfe1 b5 17. Ne5 Bb7 18. Nc6 Bxc6 19. dxc6 b4 20. Ne4 Qf5 21. Nxf6+ Bxf6 22. Qxb4 a5 23. Qe4 Qxe4 24. Rxe4 Bxb2 25. Rb1 Bf6 26. c7 g5 27. Bd2 Rfc8 28. Rc4 Kg7 29. Rb5 a4 30. Ba5 h6 31. Bb6 Ra6 32. Be3 Raa8 33. f4 a3 34. g3 e6 35. Rb7 Be7 36. Bd4+ Kf8 37. Ba7 Ke8 38. Bd4 Bd6 39. fxg5 hxg5 40. Bf6 Be7 41. Be5 f6 42. Bd4 e5 43. Bc5 Bxc5+ 44. Rxc5 Kd7 45. Rb6 Rxc7 46. Rxc7+ Kxc7 47. Rxf6 Rb8 48. Rf2 e4 49. Re2 Rb2 50. Kf1 Kd6 51. h4 gxh4 52. gxh4 Ke5 53. Ke1 Kd4 54. Rf2 0-1

[Event "Gibbons Section ABCD"]
[Site "Winnipeg CAN"]
[Date "2007.10.13"]
[Round "3"]
[White "Goodman, Clifford"]
[Black "Pang, Michael"]
[Result "1-0"]
[WhiteElo "1564"]
[BlackElo "1378"]
[PlyCount "67"]
[GameId "2160767910578861"]
[EventDate "2007.10.12"]
[EventType "swiss"]
[EventRounds "5"]
[EventCountry "CAN"]
[SourceTitle "EXT 2022"]
[Source "ChessBase"]
[SourceDate "2021.10.06"]
[SourceVersion "1"]
[SourceVersionDate "2021.10.06"]
[SourceQuality "1"]

1. Nf3 d5 2. b3 f6 3. d4 Nc6 4. Bb2 g6 5. e3 a6 6. h3 Bg7 7. c4 e6 8. Bd3 Nge7 9. O-O O-O 10. cxd5 exd5 11. Nbd2 Nb4 12. Bb1 f5 13. a3 Nbc6 14. b4 a5 15. b5 Na7 16. a4 c6 17. bxc6 bxc6 18. Ba3 Ba6 19. Re1 Rb8 20. Ba2 Nac8 21. Qc2 Re8 22. Ng5 Qd7 23. Rab1 Nd6 24. e4 Bxd4 25. exd5 Nxd5 26. Rxb8 Rxb8 27. Nb3 Bb6 28. Nc5 Qa7 29. Nxa6 Rd8 30. Nc5 Kh8 31. Nce6 Rd7 32. Bxd5 cxd5 33. Bxd6 Rxd6 34. Qc8+ 1-0

[Event "Gibbons Section ABCD"]
[Site "Winnipeg CAN"]
[Date "2007.10.13"]
[Round "3"]
[White "Green, Aaron"]
[Black "Campbell, Jamie"]
[Result "0-1"]
[WhiteElo "1543"]
[BlackElo "1561"]
[PlyCount "36"]
[GameId "2160767910578862"]
[EventDate "2007.10.12"]
[EventType "swiss"]
[EventRounds "5"]
[EventCountry "CAN"]
[SourceTitle "EXT 2022"]
[Source "ChessBase"]
[SourceDate "2021.10.06"]
[SourceVersion "1"]
[SourceVersionDate "2021.10.06"]
[SourceQuality "1"]

1. e4 d6 2. d4 Nf6 3. Nc3 g6 4. f4 Bg7 5. Nf3 c5 6. dxc5 Qa5 7. Bd2 Qxc5 8. Bd3 Bg4 9. h3 Bxf3 10. Qxf3 O-O 11. g4 Nc6 12. Ne2 Rac8 13. f5 Nd7 14. c3 Nde5 15. Qg3 Nxd3+ 16. Qxd3 Ne5 17. Qg3 Qc4 18. Qh4 Nf3+ 0-1

[Event "Gibbons Section ABCD"]
[Site "Winnipeg CAN"]
[Date "2007.10.13"]
[Round "3"]
[White "Hanrahan, Nigel"]
[Black "Gannon, Keith"]
[Result "1-0"]
[WhiteElo "1663"]
[BlackElo "1674"]
[PlyCount "77"]
[GameId "2160767910578863"]
[EventDate "2007.10.12"]
[EventType "swiss"]
[EventRounds "5"]
[EventCountry "CAN"]
[SourceTitle "EXT 2022"]
[Source "ChessBase"]
[SourceDate "2021.10.06"]
[SourceVersion "1"]
[SourceVersionDate "2021.10.06"]
[SourceQuality "1"]

1. c4 g6 2. g3 Bg7 3. Bg2 c5 4. Nc3 Nf6 5. e4 d6 6. d3 Nc6 7. h3 O-O 8. Nge2 a6 9. O-O Rb8 10. f4 Ne8 11. Rb1 Nd4 12. Kh2 Nxe2 13. Nxe2 b5 14. b3 Bb7 15. Bb2 Bxb2 16. Rxb2 Qc7 17. Qd2 Ng7 18. g4 e6 19. Ng3 Rfd8 20. Qe3 d5 21. e5 dxc4 22. dxc4 Bxg2 23. Rxg2 bxc4 24. bxc4 Rd4 25. Rc2 Rb4 26. Rfc1 Qb8 27. Ne4 Rb2 28. Kg3 Rxc2 29. Rxc2 Qb1 30. Rd2 Rxd2 31. Nf6+ Kh8 32. Qxd2 Qb8 33. Qd6 Qa8 34. Qxc5 h5 35. Qe7 hxg4 36. hxg4 Qb8 37. Qxf7 g5 38. Qg6 gxf4+ 39. Kh4 1-0

[Event "Gibbons Section ABCD"]
[Site "Winnipeg CAN"]
[Date "2007.10.13"]
[Round "3"]
[White "Kaptsan, Aron"]
[Black "Boron, Anthony"]
[Result "0-1"]
[WhiteElo "2026"]
[BlackElo "1981"]
[PlyCount "38"]
[GameId "2160767910578864"]
[EventDate "2007.10.12"]
[EventType "swiss"]
[EventRounds "5"]
[EventCountry "CAN"]
[SourceTitle "EXT 2022"]
[Source "ChessBase"]
[SourceDate "2021.10.06"]
[SourceVersion "1"]
[SourceVersionDate "2021.10.06"]
[SourceQuality "1"]

1. e4 c5 2. d4 cxd4 3. Nf3 a6 4. Nxd4 Nf6 5. Nc3 e5 6. Nf3 Nc6 7. Bc4 Bb4 8. O-O b5 9. Bd5 Qc7 10. Bg5 Be7 11. Bb3 O-O 12. a3 d6 13. Qd2 Bg4 14. Rad1 Bxf3 15. gxf3 Nd4 16. Qe3 Qd7 17. Kh1 Qh3 18. Rxd4 exd4 19. Qxd4 Qxf3+ 0-1

[Event "Gibbons Section ABCD"]
[Site "Winnipeg CAN"]
[Date "2007.10.13"]
[Round "3"]
[White "Khedkar, Jay S"]
[Black "Liu, Weixi"]
[Result "1-0"]
[WhiteElo "1970"]
[BlackElo "1919"]
[PlyCount "67"]
[GameId "2160767910578865"]
[EventDate "2007.10.12"]
[EventType "swiss"]
[EventRounds "5"]
[EventCountry "CAN"]
[SourceTitle "EXT 2022"]
[Source "ChessBase"]
[SourceDate "2021.10.06"]
[SourceVersion "1"]
[SourceVersionDate "2021.10.06"]
[SourceQuality "1"]

1. e4 e6 2. d4 d5 3. Nd2 a6 4. Bd3 c5 5. Ngf3 cxd4 6. Nxd4 Nf6 7. O-O Be7 8. Re1 Nc6 9. Nxc6 bxc6 10. e5 Nd7 11. Qg4 g6 12. Nf3 Nc5 13. Bh6 Nxd3 14. cxd3 c5 15. Qf4 Bf8 16. Rac1 Qe7 17. Bg5 Qb7 18. Bf6 Rg8 19. b3 Bd7 20. d4 cxd4 21. Qxd4 Rc8 22. Qe3 Be7 23. Bxe7 Kxe7 24. Qg5+ Kf8 25. Qh6+ Rg7 26. Rxc8+ Qxc8 27. Rc1 Qd8 28. h3 f6 29. Qh4 g5 30. Qb4+ Ke8 31. Qd6 fxe5 32. Rc7 e4 33. Ne5 Qe7 34. Rxd7 1-0

[Event "Gibbons Section ABCD"]
[Site "Winnipeg CAN"]
[Date "2007.10.13"]
[Round "3"]
[White "Kong, Dezheng"]
[Black "Greenberg, Harley"]
[Result "1-0"]
[WhiteElo "1848"]
[BlackElo "1823"]
[PlyCount "27"]
[GameId "2160767910578866"]
[EventDate "2007.10.12"]
[EventType "swiss"]
[EventRounds "5"]
[EventCountry "CAN"]
[SourceTitle "EXT 2022"]
[Source "ChessBase"]
[SourceDate "2021.10.06"]
[SourceVersion "1"]
[SourceVersionDate "2021.10.06"]
[SourceQuality "1"]

1. c4 Nf6 2. Nc3 e6 3. Nf3 d5 4. cxd5 exd5 5. e3 c5 6. d4 Nc6 7. dxc5 Bxc5 8. Bb5 O-O 9. O-O Bg4 10. Be2 a6 11. Qc2 Rc8 12. h3 Be6 13. Rd1 b5 14. a3 1-0

[Event "Gibbons Section ABCD"]
[Site "Winnipeg CAN"]
[Date "2007.10.13"]
[Round "3"]
[White "Letain, Cory"]
[Black "Gibbons, Lorne"]
[Result "1-0"]
[WhiteElo "1339"]
[BlackElo "1332"]
[PlyCount "27"]
[GameId "2160767910578867"]
[EventDate "2007.10.12"]
[EventType "swiss"]
[EventRounds "5"]
[EventCountry "CAN"]
[SourceTitle "EXT 2022"]
[Source "ChessBase"]
[SourceDate "2021.10.06"]
[SourceVersion "1"]
[SourceVersionDate "2021.10.06"]
[SourceQuality "1"]

1. e4 c5 2. Nf3 d6 3. d4 Bg4 4. Bb5+ Nd7 5. dxc5 Bxf3 6. Qxf3 dxc5 7. O-O a6 8. Bc4 e6 9. Rd1 Qe7 10. Bf4 e5 11. Bg5 f6 12. Bh4 b5 13. Bd5 Rc8 14. Bb7 1-0

[Event "Gibbons Section ABCD"]
[Site "Winnipeg CAN"]
[Date "2007.10.13"]
[Round "3"]
[White "Magnusson, Saul"]
[Black "Swift, Ryne"]
[Result "1-0"]
[WhiteElo "1242"]
[BlackElo "1196"]
[PlyCount "105"]
[GameId "2160767910578868"]
[EventDate "2007.10.12"]
[EventType "swiss"]
[EventRounds "5"]
[EventCountry "CAN"]
[SourceTitle "EXT 2022"]
[Source "ChessBase"]
[SourceDate "2021.10.06"]
[SourceVersion "1"]
[SourceVersionDate "2021.10.06"]
[SourceQuality "1"]

1. e4 e5 2. Nf3 Nc6 3. Bb5 a6 4. Ba4 Nf6 5. O-O b5 6. Bb3 Be7 7. Re1 d6 8. h3 O-O 9. d3 h6 10. c3 Re8 11. Nbd2 Bf8 12. Nf1 Bd7 13. Ne3 Qc8 14. Nh4 Nd8 15. Nhf5 Ne6 16. Qf3 Ng5 17. Qg3 Kh7 18. h4 Ne6 19. Nd5 Nxd5 20. Bxd5 Rb8 21. Be3 c6 22. Bb3 Qc7 23. Qh2 g6 24. Ng3 Re7 25. h5 g5 26. Nf5 Ree8 27. g3 f6 28. Kf1 Bc8 29. Ke2 Ng7 30. g4 Be6 31. c4 Qf7 32. Rac1 Qd7 33. Rc2 Bxf5 34. exf5 d5 35. cxd5 cxd5 36. Rec1 d4 37. Bd2 Rbc8 38. Qg2 Rxc2 39. Rxc2 Rc8 40. Rxc8 Qxc8 41. Qd5 Be7 42. a4 bxa4 43. Bxa4 Qd8 44. Qf7 Bc5 45. Ba5 Qb8 46. Bb3 Qe8 47. Qxf6 Nxh5 48. gxh5 Qxh5+ 49. Kd2 g4 50. Qxe5 Qg5+ 51. Kc2 Qe7 52. Qd5 Qe2+ 53. Bd2 1-0

[Event "Gibbons Section ABCD"]
[Site "Winnipeg CAN"]
[Date "2007.10.14"]
[Round "4"]
[White "Cleto, Sam"]
[Black "Khedkar, Jay S"]
[Result "1/2-1/2"]
[WhiteElo "1859"]
[BlackElo "1970"]
[PlyCount "42"]
[GameId "2160767910578870"]
[EventDate "2007.10.12"]
[EventType "swiss"]
[EventRounds "5"]
[EventCountry "CAN"]
[SourceTitle "EXT 2022"]
[Source "ChessBase"]
[SourceDate "2021.10.06"]
[SourceVersion "1"]
[SourceVersionDate "2021.10.06"]
[SourceQuality "1"]

1. Nf3 Nf6 2. h3 b6 3. c4 Bb7 4. Nc3 e6 5. d4 Bb4 6. Nd2 d5 7. e3 O-O 8. cxd5 Nxd5 9. Qb3 c5 10. a3 Bxc3 11. bxc3 Nd7 12. Bb2 cxd4 13. cxd4 N7f6 14. e4 Nf4 15. Qe3 Ng6 16. Be2 Rc8 17. O-O Qd7 18. Rac1 Rxc1 19. Rxc1 Rc8 20. Rxc8+ Qxc8 21. f3 Qc2 1/2-1/2

[Event "Gibbons Section ABCD"]
[Site "Winnipeg CAN"]
[Date "2007.10.14"]
[Round "4"]
[White "Gannon, Keith"]
[Black "Atem, James"]
[Result "1/2-1/2"]
[WhiteElo "1674"]
[BlackElo "1717"]
[PlyCount "126"]
[GameId "2160767910578871"]
[EventDate "2007.10.12"]
[EventType "swiss"]
[EventRounds "5"]
[EventCountry "CAN"]
[SourceTitle "EXT 2022"]
[Source "ChessBase"]
[SourceDate "2021.10.06"]
[SourceVersion "1"]
[SourceVersionDate "2021.10.06"]
[SourceQuality "1"]

1. e4 c5 2. Nf3 d6 3. d4 Nd7 4. Nc3 a6 5. a3 g6 6. Be3 cxd4 7. Bxd4 e5 8. Be3 Qa5 9. Qd2 Ngf6 10. b4 Qc7 11. Be2 b5 12. O-O Bb7 13. Bd3 Bg7 14. a4 Rc8 15. Ra3 bxa4 16. Re1 O-O 17. Qe2 Nb6 18. Bxb6 Qxb6 19. Rb1 Nh5 20. Nxa4 Qa7 21. Nb2 Nf4 22. Qd1 Qb6 23. Nc4 Qd8 24. Na5 Nxd3 25. Nxb7 Qb6 26. Qxd3 Qxb7 27. Nd2 Bh6 28. Nc4 Rcd8 29. Ne3 Bxe3 30. Qxe3 Qb5 31. Qd3 Qxd3 32. Rxd3 f5 33. exf5 Rxf5 34. Ra1 Rf4 35. c3 Rc8 36. Rxa6 Rxb4 37. g3 Rbc4 38. Raxd6 Rxc3 39. Rxc3 Rxc3 40. Rd5 Rc1+ 41. Kg2 Re1 42. h4 Kg7 43. Rd2 Kf6 44. f3 Kf5 45. Ra2 h6 46. Rb2 Ra1 47. Re2 h5 48. Kh2 Rf1 49. Kg2 Rd1 50. Kf2 Rd4 51. Rb2 Rd6 52. Ke3 Rd1 53. Kf2 Rh1 54. Kg2 Rd1 55. Re2 Rd3 56. Kf2 Rd4 57. Kg2 Rd5 58. Kh3 Ra5 59. Rc2 e4 60. fxe4+ Kxe4 61. Rc6 Kf5 62. Rc3 Rd5 63. Re3 Rc5 1/2-1/2

[Event "Gibbons Section ABCD"]
[Site "Winnipeg CAN"]
[Date "2007.10.14"]
[Round "4"]
[White "Gibbons, Lorne"]
[Black "Magnusson, Saul"]
[Result "0-1"]
[WhiteElo "1332"]
[BlackElo "1242"]
[PlyCount "65"]
[GameId "2160767910578872"]
[EventDate "2007.10.12"]
[EventType "swiss"]
[EventRounds "5"]
[EventCountry "CAN"]
[SourceTitle "EXT 2022"]
[Source "ChessBase"]
[SourceDate "2021.10.06"]
[SourceVersion "1"]
[SourceVersionDate "2021.10.06"]
[SourceQuality "1"]

1. d4 Nf6 2. c4 e6 3. a3 d5 4. Nc3 c6 5. Bf4 dxc4 6. e4 b5 7. a4 b4 8. Nb1 Nxe4 9. Bxc4 c5 10. f3 Nd6 11. Bxd6 Bxd6 12. dxc5 Bxc5 13. Qxd8+ Kxd8 14. Ne2 Ke7 15. Nd2 f5 16. O-O-O Nc6 17. Nb3 Be3+ 18. Kc2 Bb7 19. Rhe1 Ne5 20. Bd3 Rac8+ 21. Kb1 Rhd8 22. Nec1 f4 23. g4 Bxf3 24. Rxe3 fxe3 25. Bxh7 Rxd1 26. Ka2 Rdxc1 27. Nd4 e2 28. Bf5 exf5 29. Nxf3 Nxf3 30. Kb3 e1=Q 31. h4 fxg4 32. h5 Qe3+ 33. Ka2 0-1

[Event "Gibbons Section ABCD"]
[Site "Winnipeg CAN"]
[Date "2007.10.14"]
[Round "4"]
[White "Green, Leah"]
[Black "Letain, Cory"]
[Result "0-1"]
[WhiteElo "1198"]
[BlackElo "1339"]
[PlyCount "38"]
[GameId "2160767910578873"]
[EventDate "2007.10.12"]
[EventType "swiss"]
[EventRounds "5"]
[EventCountry "CAN"]
[SourceTitle "EXT 2022"]
[Source "ChessBase"]
[SourceDate "2021.10.06"]
[SourceVersion "1"]
[SourceVersionDate "2021.10.06"]
[SourceQuality "1"]

1. e4 e5 2. Nf3 Nf6 3. Nc3 Nc6 4. Bc4 Bb4 5. d3 h6 6. Bd2 d6 7. O-O O-O 8. Nd5 Bxd2 9. Qxd2 Bg4 10. Qe2 Nd4 11. c3 Nxe2+ 12. Kh1 Nxd5 13. Bxd5 Bxf3 14. gxf3 Qg5 15. Bxb7 Rab8 16. Bd5 Rxb2 17. Rae1 Nf4 18. Rg1 Qh4 19. Rg4 Qxf2 0-1

[Event "Gibbons Section ABCD"]
[Site "Winnipeg CAN"]
[Date "2007.10.14"]
[Round "4"]
[White "Greenberg, Harley"]
[Black "Booth, Kevin"]
[Result "1/2-1/2"]
[WhiteElo "1823"]
[BlackElo "1833"]
[PlyCount "49"]
[GameId "2160767910578874"]
[EventDate "2007.10.12"]
[EventType "swiss"]
[EventRounds "5"]
[EventCountry "CAN"]
[SourceTitle "EXT 2022"]
[Source "ChessBase"]
[SourceDate "2021.10.06"]
[SourceVersion "1"]
[SourceVersionDate "2021.10.06"]
[SourceQuality "1"]

1. d4 Nf6 2. c4 g6 3. Nf3 d6 4. g3 Bg7 5. Bg2 Nbd7 6. Nc3 c5 7. O-O O-O 8. e4 cxd4 9. Nxd4 Ne5 10. b3 a6 11. Bb2 Rb8 12. Qd2 Bd7 13. h3 Qc7 14. Kh2 Nc6 15. Nd5 Nxd5 16. cxd5 Nxd4 17. Bxd4 Bxd4 18. Qxd4 b5 19. Rfc1 Qb7 20. f4 Rfc8 21. e5 Rxc1 22. Rxc1 Rc8 23. Rc3 Rxc3 24. Qxc3 Qc8 25. Qd2 1/2-1/2

[Event "Gibbons Section ABCD"]
[Site "Winnipeg CAN"]
[Date "2007.10.14"]
[Round "4"]
[White "Kong, Dezheng"]
[Black "Hanrahan, Nigel"]
[Result "1/2-1/2"]
[WhiteElo "1848"]
[BlackElo "1663"]
[PlyCount "68"]
[GameId "2160767910578875"]
[EventDate "2007.10.12"]
[EventType "swiss"]
[EventRounds "5"]
[EventCountry "CAN"]
[SourceTitle "EXT 2022"]
[Source "ChessBase"]
[SourceDate "2021.10.06"]
[SourceVersion "1"]
[SourceVersionDate "2021.10.06"]
[SourceQuality "1"]

1. c4 e5 2. Nc3 Nc6 3. Nf3 Nf6 4. d3 d5 5. cxd5 Nxd5 6. Nxd5 Qxd5 7. h3 f5 8. e3 Be7 9. Be2 O-O 10. O-O Be6 11. b3 Bf6 12. Rb1 Rad8 13. Ba3 Rf7 14. Qc2 Qd7 15. Rbd1 g5 16. d4 exd4 17. exd4 Bd5 18. Bb2 Be4 19. Qc1 Bxf3 20. Bxf3 g4 21. hxg4 fxg4 22. Be2 Rg7 23. d5 Ne5 24. Bxe5 Bxe5 25. Qe3 Qd6 26. g3 a6 27. Rfe1 Re8 28. Qd3 Rg6 29. Bf1 Re7 30. Bg2 Rh6 31. Qf5 Rg6 32. Re4 Qf6 33. Qxf6 Bxf6 34. Rde1 Rgg7 1/2-1/2

[Event "Gibbons Section ABCD"]
[Site "Winnipeg CAN"]
[Date "2007.10.14"]
[Round "4"]
[White "Lipic, Stephen"]
[Black "Pang, Michael"]
[Result "1-0"]
[WhiteElo "1615"]
[BlackElo "1378"]
[PlyCount "97"]
[GameId "2160767910578876"]
[EventDate "2007.10.12"]
[EventType "swiss"]
[EventRounds "5"]
[EventCountry "CAN"]
[SourceTitle "EXT 2022"]
[Source "ChessBase"]
[SourceDate "2021.10.06"]
[SourceVersion "1"]
[SourceVersionDate "2021.10.06"]
[SourceQuality "1"]

1. f4 d5 2. Nf3 Nf6 3. e3 c5 4. d4 c4 5. c3 a6 6. Be2 Bf5 7. Nbd2 e6 8. O-O Bd6 9. Ne5 O-O 10. g4 Be4 11. g5 Bxe5 12. dxe5 Nfd7 13. Nxe4 dxe4 14. Bxc4 b5 15. Be2 Nc5 16. b3 f6 17. exf6 gxf6 18. Qxd8 Rxd8 19. gxf6 Kf7 20. c4 bxc4 21. Bxc4 Kxf6 22. Bb2+ Kg6 23. Bxe6 Nxe6 24. f5+ Kf7 25. fxe6+ Kxe6 26. Rf4 Rd2 27. Rxe4+ Kf5 28. Rf4+ Ke6 29. Rf2 Rd3 30. Bd4 Nc6 31. Rf6+ Kd5 32. Rf5+ Ke6 33. Rf4 Rg8+ 34. Kh1 Rd2 35. Rc1 Kd5 36. Rc5+ Kd6 37. Rc1 Kd5 38. a3 a5 39. h3 Rg3 40. Rc5+ Kd6 41. Rf6+ Kd7 42. Rcxc6 Rxh3+ 43. Kg1 Rg3+ 44. Kf1 Rh3 45. Rcd6+ Kc8 46. Rf8+ Kb7 47. Rf7+ Kc8 48. Rc6+ Kd8 49. Bf6+ 1-0

[Event "Gibbons Section ABCD"]
[Site "Winnipeg CAN"]
[Date "2007.10.14"]
[Round "4"]
[White "Liu, Weixi"]
[Black "Kaptsan, Aron"]
[Result "1/2-1/2"]
[WhiteElo "1919"]
[BlackElo "2026"]
[PlyCount "69"]
[GameId "2160767910578877"]
[EventDate "2007.10.12"]
[EventType "swiss"]
[EventRounds "5"]
[EventCountry "CAN"]
[SourceTitle "EXT 2022"]
[Source "ChessBase"]
[SourceDate "2021.10.06"]
[SourceVersion "1"]
[SourceVersionDate "2021.10.06"]
[SourceQuality "1"]

1. d4 Nf6 2. c4 e6 3. Nf3 c5 4. e3 d5 5. Nc3 Nc6 6. a3 cxd4 7. Nxd4 e5 8. Nxc6 bxc6 9. cxd5 cxd5 10. Bd3 Be7 11. O-O O-O 12. b4 Be6 13. Bb2 Rc8 14. Rc1 Qb6 15. Qd2 Qb8 16. h3 Rfd8 17. Ne2 Nd7 18. Bb1 Nb6 19. Qd3 g6 20. Ba2 Nc4 21. Bxc4 dxc4 22. Qc3 f6 23. Rfd1 Rxd1+ 24. Rxd1 Rd8 25. Qc2 Rxd1+ 26. Qxd1 Qd8 27. Qxd8+ Bxd8 28. Nc3 Kf7 29. Kf1 Ke7 30. Ke2 Kd7 31. f3 Be7 32. Bc1 Kc6 33. Kd2 h5 34. Bb2 g5 35. e4 1/2-1/2

[Event "Gibbons Section ABCD"]
[Site "Winnipeg CAN"]
[Date "2007.10.14"]
[Round "4"]
[White "Melamedoff, Gustavo"]
[Black "Boron, Anthony"]
[Result "1/2-1/2"]
[WhiteElo "2048"]
[BlackElo "1981"]
[PlyCount "59"]
[GameId "2160767910578878"]
[EventDate "2007.10.12"]
[EventType "swiss"]
[EventRounds "5"]
[EventCountry "CAN"]
[SourceTitle "EXT 2022"]
[Source "ChessBase"]
[SourceDate "2021.10.06"]
[SourceVersion "1"]
[SourceVersionDate "2021.10.06"]
[SourceQuality "1"]

1. c4 c5 2. g3 g6 3. Bg2 Bg7 4. Nf3 Nf6 5. O-O Nc6 6. Nc3 O-O 7. Rb1 Rb8 8. a3 a6 9. d4 cxd4 10. Nxd4 Nxd4 11. Qxd4 d6 12. a4 Bf5 13. Ra1 Ne4 14. Qe3 Nxc3 15. bxc3 Re8 16. Ba3 Qc7 17. c5 dxc5 18. Bxc5 b6 19. Bb4 a5 20. Ba3 Qxc3 21. Qxc3 Bxc3 22. Rac1 Bf6 23. Bc6 Red8 24. Rfd1 Rxd1+ 25. Rxd1 Rc8 26. Bb5 Kg7 27. Kg2 Rc3 28. Bb2 Rc2 29. Bd4 Bxd4 30. Rxd4 1/2-1/2

[Event "Gibbons Section ABCD"]
[Site "Winnipeg CAN"]
[Date "2007.10.14"]
[Round "5"]
[White "Atem, James"]
[Black "Kong, Dezheng"]
[Result "1/2-1/2"]
[WhiteElo "1717"]
[BlackElo "1848"]
[PlyCount "126"]
[GameId "2160767910578879"]
[EventDate "2007.10.12"]
[EventType "swiss"]
[EventRounds "5"]
[EventCountry "CAN"]
[SourceTitle "EXT 2022"]
[Source "ChessBase"]
[SourceDate "2021.10.06"]
[SourceVersion "1"]
[SourceVersionDate "2021.10.06"]
[SourceQuality "1"]

1. d4 d5 2. Nf3 Nf6 3. Bg5 e6 4. c3 Be7 5. Nbd2 Nbd7 6. Qc2 O-O 7. e3 c5 8. Bd3 h6 9. Bxf6 Bxf6 10. b3 e5 11. Bh7+ Kh8 12. Bf5 exd4 13. cxd4 cxd4 14. exd4 Re8+ 15. Kf1 Nb6 16. g3 Bd7 17. Kg2 Rc8 18. Qd3 Bxf5 19. Qxf5 Qd6 20. Rhe1 Qb4 21. a4 Kg8 22. Qd3 Rcd8 23. h4 Qd6 24. Qb5 Qd7 25. Qd3 Nc8 26. Ng5 g6 27. Nh3 h5 28. Nf3 Nd6 29. Ne5 Qf5 30. Qe3 Qe4+ 31. Qf3 Qxf3+ 32. Nxf3 Nf5 33. Red1 Re2 34. Rd3 Re4 35. Rad1 Rb8 36. Nf4 Rd8 37. R1d2 Bxh4 38. Nxh5 gxh5 39. gxh4 Nxh4+ 40. Nxh4 Rxh4 41. Rh3 Rg4+ 42. Kf3 Rg5 43. Kf4 f6 44. Rg3 Rxg3 45. fxg3 Re8 46. Rd3 Kg7 47. Kf5 Re4 48. Rc3 Rxd4 49. Rc7+ Kh6 50. Rf7 Rd3 51. Rxf6+ Kg7 52. Rg6+ Kh7 53. Rg5 Rxb3 54. Rxh5+ Kg7 55. g4 d4 56. Ke4 Rb4 57. Rb5 Rxa4 58. Rxb7+ Kf6 59. Kd3 a6 60. Rb8 Ra3+ 61. Kxd4 Ra4+ 62. Kc5 Rxg4 63. Rb6+ Ke5 1/2-1/2

[Event "Gibbons Section ABCD"]
[Site "Winnipeg CAN"]
[Date "2007.10.14"]
[Round "5"]
[White "Booth, Kevin"]
[Black "Gannon, Keith"]
[Result "1-0"]
[WhiteElo "1833"]
[BlackElo "1674"]
[PlyCount "105"]
[GameId "2160767910578880"]
[EventDate "2007.10.12"]
[EventType "swiss"]
[EventRounds "5"]
[EventCountry "CAN"]
[SourceTitle "EXT 2022"]
[Source "ChessBase"]
[SourceDate "2021.10.06"]
[SourceVersion "1"]
[SourceVersionDate "2021.10.06"]
[SourceQuality "1"]

1. a4 e5 2. h4 d5 3. b3 Nf6 4. g3 Be7 5. Bb2 Nbd7 6. Bg2 c6 7. d3 O-O 8. e3 b6 9. Nd2 Bb7 10. Ngf3 Bd6 11. O-O Qc7 12. e4 dxe4 13. Nxe4 Nxe4 14. dxe4 Rad8 15. Qe2 Rfe8 16. Rad1 a5 17. Nd2 Nc5 18. Nc4 Ba6 19. Rfe1 Nb7 20. Bf1 Bb4 21. Rxd8 Rxd8 22. Bxe5 Qe7 23. c3 Bxc4 24. Qxc4 Qxe5 25. cxb4 Qc7 26. Rc1 c5 27. bxc5 Nxc5 28. b4 axb4 29. Qxb4 Qb8 30. a5 Nd7 31. axb6 Qxb6 32. Qxb6 Nxb6 33. Rc7 g6 34. Rb7 Nd7 35. Bc4 Kg7 36. f4 Kf8 37. Kg2 f6 38. Kf3 h6 39. Be6 Ke7 40. Rxd7+ Rxd7 41. Bxd7 Kxd7 42. Ke3 Ke6 43. Kd4 h5 44. e5 Kf5 45. Kd5 fxe5 46. fxe5 Kg4 47. e6 Kxg3 48. e7 Kxh4 49. e8=Q g5 50. Qe1+ Kg4 51. Ke4 h4 52. Qg1+ Kh5 53. Kf5 1-0

[Event "Gibbons Section ABCD"]
[Site "Winnipeg CAN"]
[Date "2007.10.14"]
[Round "5"]
[White "Green, Aaron"]
[Black "Lipic, Stephen"]
[Result "1-0"]
[WhiteElo "1543"]
[BlackElo "1615"]
[PlyCount "83"]
[GameId "2160767910578882"]
[EventDate "2007.10.12"]
[EventType "swiss"]
[EventRounds "5"]
[EventCountry "CAN"]
[SourceTitle "EXT 2022"]
[Source "ChessBase"]
[SourceDate "2021.10.06"]
[SourceVersion "1"]
[SourceVersionDate "2021.10.06"]
[SourceQuality "1"]

1. e4 c6 2. d4 d5 3. exd5 cxd5 4. c4 Nf6 5. Nc3 g6 6. Nf3 Bg7 7. Bf4 O-O 8. h3 a6 9. Be2 dxc4 10. Bxc4 Nc6 11. O-O e6 12. Re1 b5 13. Bf1 Ne7 14. g4 Bb7 15. Bg2 Nfd5 16. Be3 Rc8 17. Rc1 Rc7 18. a3 Qa8 19. Nh4 Rfc8 20. Na2 Nxe3 21. fxe3 Bxg2 22. Nxg2 Rxc1 23. Nxc1 Qe4 24. Qd3 Qf3 25. Kh2 e5 26. Rf1 Qc6 27. Nb3 exd4 28. Nxd4 Qd6+ 29. Kg1 Rd8 30. Qb3 Qd5 31. Qxd5 Rxd5 32. Nf4 Bxd4 33. Nxd5 Nxd5 34. exd4 f5 35. gxf5 Ne3 36. Rc1 Nxf5 37. d5 a5 38. Rc5 Nd6 39. Rc6 Nc4 40. d6 Kf8 41. b3 Nxa3 42. Rc8+ 1-0